000 00676nam a2200265Ia 4500
005 20260121170852.0
008 008 260114s9999 xx 000 0 eng d
020 _a9783319987583
037 _aEBOOK
040 _aCRL
040 _beng
040 _cCRL
041 _2eng
041 _aeng
084 _qCRL
100 _aWan Mohd Aizat, Hoe-Han Goh, Syarul Nataqain Baharum
_91069157
245 0 _aOmics Applications for Systems Biology
260 _bSpringer
260 _bSpringer
260 _c2018
856 _uhttps://link.springer.com/openurl?genre=book&isbn=978-3-319-98758-3
942 _cEBOOK
999 _c1634887
_d1634887